|
|
|
|
| LEADER |
00000cam a2200000 a 4500 |
| 001 |
vtls001116484 |
| 003 |
SK-MaSNL |
| 005 |
20260301193957.0 |
| 008 |
250313s1979 xo a n 000 0 slo |
| 015 |
|
|
|a SNBA1979
|
| 035 |
|
|
|a SNK000059327
|
| 035 |
|
|
|a urn:nbn:sk:snk-amlek9
|
| 035 |
|
|
|a urn:nbn:sk:snk-am008yjf
|
| 035 |
|
|
|a 2E2FCD41-2AED-4EFD-A807-BC68CD73485C
|
| 040 |
|
|
|a SNK
|b slo
|c SNK
|e AACR2
|
| 041 |
0 |
|
|a slo
|
| 044 |
|
|
|a xo
|c SK
|
| 080 |
|
|
|a 908.437.612-22(038)
|2 1981
|
| 100 |
1 |
|
|a Borovský, Štefan,
|d 1921-
|4 aut
|9 36914
|
| 245 |
1 |
0 |
|a Vlastivedný sprievodca po Devíne
|b učebné texty pre vlastivedných sprievodcov
|c aut: Štefan Borovský a kol. ; ob. navrhla Hana Šolcová
|
| 250 |
|
|
|a 1. vyd.
|
| 260 |
|
|
|a Bratislava
|b Obzor
|c 1979
|
| 300 |
|
|
|a 239 s.
|b sch.
|c 29 cm
|
| 366 |
|
|
|e 1000 výt.
|
| 500 |
|
|
|a Záujmová publ. BIPS
|
| 504 |
|
|
|a Bibliogr.
|
| 650 |
0 |
7 |
|a archeológia
|2 SNKPH
|9 4974
|
| 650 |
0 |
7 |
|a geografia
|2 SNKPH
|9 823
|
| 651 |
|
7 |
|a Devín (Bratislava IV, Slovensko)
|2 SNKPH
|9 75534
|
| 655 |
|
7 |
|a turistickí sprievodcovia (publikácie)
|2 SNKPH
|9 191298
|
| 700 |
1 |
|
|a Šolcová, Hana
|4 cov
|9 279729
|
| 852 |
|
|
|a Slovenská národná knižnica
|
| 958 |
|
|
|a OND
|
| 958 |
|
|
|a NB
|
| 999 |
|
|
|c 879986
|d 881916
|
| 952 |
|
|
|a SNK
|b SNK
|y PREZ
|7 0
|p 17A0972152
|o snkSB 28495
|i snkKSP 5099/79
|0 0
|1 0
|4 0
|d 2012-07-30
|f 1
|l 0
|r 2026-02-24 06:12:57
|w 2026-02-24
|
| 952 |
|
|
|a SNK
|b SNK
|y VYP
|7 0
|p 17A0597702
|o snkSB 28495 D1
|i snkKSP 5100/79
|0 0
|1 0
|4 0
|d 2008-10-08
|l 0
|r 2026-02-24 06:12:57
|w 2026-02-24
|